| 000 | 01108cam a2200277 a 4500 | ||
|---|---|---|---|
| 001 | 15764665 | ||
| 005 | 20150202154256.0 | ||
| 008 | 090605s2009 nyua 000 0deng | ||
| 010 | _a 2009023230 | ||
| 020 | _a9780786868728 | ||
| 040 |
_aDLC _cDLC _dDLC |
||
| 050 | 0 | 0 |
_aBM 729.F3 _b.Al496 2009 |
| 082 | 0 | 0 | _a296.7 |
| 100 | 1 |
_aAlbom, Mitch, _d1958- |
|
| 245 | 1 | 0 |
_aHave a little faith : _ba true story / _cMitch Albom. |
| 260 |
_aNew York : _bHyperion, _c2009. |
||
| 300 |
_aviii, 254 pages : _billustrations ; _c20 cm. |
||
| 600 | 1 | 0 |
_aAlbom, Mitch, _d1958- _xReligion. |
| 600 | 1 | 0 | _aLewis, Albert L. |
| 600 | 1 | 0 | _aCovington, Henry P. |
| 650 | 0 | _aFaith (Judaism) | |
| 650 | 0 | _aFaith. | |
| 906 |
_a7 _bcbc _corignew _d1 _eecip _f20 _gy-gencatlg |
||
| 942 |
_2lcc _cBK |
||
| 999 |
_c282521 _d282521 |
||